| 000 | 00659nam a2200205 a 4500 | ||
|---|---|---|---|
| 001 | 000032345 | ||
| 003 | OSt | ||
| 005 | 20201023153333.0 | ||
| 008 | 110714s1944 dr 000 0 spa d | ||
| 040 |
_aDO-SdBNP _bspa _cBNPHU |
||
| 049 | _aBNPD | ||
| 082 | 7 | 4 |
_a928.61 _bD353M _222 |
| 100 | 1 |
_aMejía, Gustado Adolfo, _d1893-1962 _958348 |
|
| 245 | 1 | 0 |
_aGastón Fernando Deligne : _bel poeta civil / _cGustavo Adolfo Mejía. |
| 260 |
_aCiudad Trujillo, República Dominicana : _bPol Hermanos, _c1944. |
||
| 300 |
_a267 p. ; _c24 cm. |
||
| 600 | 4 |
_aDeligne, Gastón Fernando, _d1861-1913. _977008 |
|
| 910 | _aValidado. Control de calidad MFF | ||
| 942 |
_2ddc _cLF1 |
||
| 999 |
_c31836 _d31836 |
||